000 00565nam a2200169Ia 4500
008 090711s9999 xx 000 0 und d
082 _b1722
100 _aजाधव रा. ग.
245 _aमराठीतील कथारू पे
260 _bस्नेहवर्धन प्रकाशन
_c1999
300 _a104
600 _aजाधव रा. ग.
630 _aमराठीतील कथारू पे
700 _aजाधव रा. ग.
730 _aमराठीतील कथारू पे
942 _cBOOK
999 _c336695
_d336695